000 00890nas a2200289 4500
001 BR2011001416
003 BR-BrBNA
005 20231205114855.0
007 ta
008 230509b bl.|||p| |||| 00| 00por d
040 _aBR-BrBNA
_bpor
_cBiblioteca Nacional de Agricultura
041 _a(En)
072 _aH50; F03
100 1 _aGhaderi-Far, F.
100 1 _aGherekhloo, J.
100 1 _aAlimagham, M.
245 1 _aInfluence of environmental factors on seed germination and seedling emergence of yellow sweet clover (Melilotus officinalis)
650 _aTREVO
650 _aSEMENTE
650 _aGERMINAÇÃO
650 _aTEMPERATURA
650 _aSTRESS
650 _aCONDIÇÃO AMBIENTAL
773 0 _tPlanta Daninha (Brazil)
_xISSN 0100-8358
_g(Jul-Sep 2010), v. 28(3) p. 463-469
_wBR2011001416
909 _a202311
_bLúcia
_c55
_dLúcia Elande
942 _2AGRIS
_n0
_cANA
999 _c210956
_d210956